000 00713nam a2200205Ii 4500
003 JO-AjNU
008 230605s9999||||xx |||||||||||||| ||und||
017 _a2009/10/4329
040 _aJO-AjNU
_bara
_erda
_cJO-AjNU
041 _aara
050 1 4 _aDS154.9.A5.A2 2009
100 3 _aالعابدي ، محمود ,
_eauthor
_956945
245 0 0 _a عمان : ماضيها وحاضرها 
264 3 1 _aعمان : وزارة الثقافة ، 2009
300 _a188ص
_bيحتوي على مصادر ومراجع وكشاف
336 _atext
_btxt
_2rdacontent
337 _aunmediated
_bn
_2rdamedia
338 _avolume
_bnc
_2rdacarrier
650 4 _aعمان - تاريخ - القرن العشرين
_956946
999 _aA25490
_c29058
_d29058